Axis powers (1941) - Estadísticas

Estadísticas generales
  • Esta prueba ha sido intentada 12 veces
    11 desde el último reinicio
  • La puntuación promedio es 48 de 64
Respuestas en el mapa
Las respuestas están codificadas por una escala verde-roja en el mapa de la prueba según el % correcto abajo.
 
Estadísticas de respuestas
Respuesta % Correcto
Germany
100%
Austria
89%
belarus
89%
belgium
89%
denmark
89%
france
89%
netherlands
89%
norway
89%
poland
89%
albania
78%
Bosnia and Herzegovina
78%
Bulgaria
78%
china
78%
Croatia
78%
czech republic
78%
estonia
78%
Ethiopia
78%
Finland
78%
Greece
78%
Hungary
78%
Iraq
78%
Italy
78%
Japan
78%
Kosovo
78%
latvia
78%
Libya
78%
lithuania
78%
Moldova
78%
montenegro
78%
morocco
78%
Myanmar
78%
north korea
78%
North Macedonia
78%
philippines
78%
Romania
78%
Russia
78%
serbia
78%
slovakia
78%
Slovenia
78%
Somalia
78%
south korea
78%
syria
78%
taiwan
78%
Thailand
78%
ukraine
78%
vietnam
78%
algeria
67%
Benin
67%
Burkina faso
67%
cambodia
67%
laos
67%
luxembourg
67%
Madagascar
67%
Mali
67%
micronesia
67%
Niger
67%
palau
67%
tunisia
67%
Côte d'Ivoire
56%
Guinea
56%
marshall islands
56%
Mauritania
56%
senegal
56%
Togo
33%
No se encontraron pruebas coincidentes
Distribución de puntuación
Porcentaje de gente con cada puntuación
Porcentaje por número respondido
Historial de tus puntuaciones
No has intentado esta prueba desde el último reinicio